007540000a220015700045000410008000000820021000082450071000292600059001003000020001595050203001796500050003820010004004329420007004369520136004439990017005790 aSPA04aR 261.91 D41302d10aDistintivos denominacioles - 1982 / Miguel A. Pérez...[et. al.] aMedellín, Colombia : Seminario Bíblico de Colombia a[pag. varía].00aDistintivos denominacionales de las Iglesias : Unión Misionera Evangélica Colombiana, Presbiteriana de Colombia, Interamaricana de Colombia, Wesleyana de Colombia, Fundación OMS Internacional.14aIGLESIA - DENOMINACIONES \ IGLESIA - HISTORIA244 cBK 00103240708REFaFUSBCbFUSBCd2004-09-07l1oR 261.91 D41302d p8505r2025-08-13 00:00:00s2019-10-18t1w2016-01-26yREFB0C3 c31781d31781